Welcome to the Holygrace Academy Library

Please use search bar below to get started

WORLD FAMOUS WRITERS (Record no. 6396)

MARC details
000 -LEADER
fixed length control field 00243nam a22001097a 4500
082 ## - DEWEY DECIMAL CLASSIFICATION NUMBER
Classification number 920
Item number H&C/W
245 ## - TITLE STATEMENT
Title WORLD FAMOUS WRITERS
260 ## - PUBLICATION, DISTRIBUTION, ETC. (IMPRINT)
Place of publication THRISSUR
Name of publisher H&C PUBLISHING HOUSE
300 ## - PHYSICAL DESCRIPTION
Number of Pages 50
650 ## - SUBJECT ADDED ENTRY--TOPICAL TERM
Topical Term FAMOUS WRITERS
Geographic subdivision THRISSUR
942 ## - ADDED ENTRY ELEMENTS (KOHA)
Koha item type Books
Holdings
Withdrawn status Lost status Collection code Home library Current library Shelving location Date acquired Source of acquisition Full call number Accession Number Koha item type
    Reference Main Library Main Library SHELF-17-L-BIOGRAPHIES & AUTOBIOGRAPHIES 26/03/2015 PURCHASE 920 H&C/W 09725 Books
    Reference Main Library Main Library SHELF-17-L-BIOGRAPHIES & AUTOBIOGRAPHIES 26/03/2013 PURCHASE 920 H&C/W 09727 Books
    Reference Main Library Main Library SHELF-17-L-BIOGRAPHIES & AUTOBIOGRAPHIES 26/03/2015 PURCHASE 920 H&C/W 09726 Books